00444nam a2200157Ia 45000010006000000050017000060080041000230410008000640820015000721000042000872450104001292600009002333000028002426500008002706540008002782544220260414151150.0260414t2018||||xx |||||||||||||| ||spa|| aESP a346.5bT19 aTantaleán Odar, Reynaldo MarioeAUT 0aLa nulidad del acto jurídico en la jurisprudencia de la corte suprema :banálisis y comentarios c2018 a571 páginas :c25 cm. aDER aCDE